[Event "SF Deizisau 2 - SV Jedesheim 1"]
[Site "Oberliga 2019/2020"]
[Date "2019.09.15"]
[Time "10:00:00"]
[Round "1"]
[White "Heidenfeld, Mark"]
[Black "Zilka, Stepan"]
[WhiteElo "2352"]
[BlackElo "2529"]
[WhiteTeam "SV Jedesheim 1"]
[BlackTeam "SF Deizisau 2"]
[Board "1"]
[Result "0-1"]

1.e4 e5 2.Nf3 Nc6 3.Bb5 a6 4.Bxc6 dxc6 5.O-O Qf6 6.d4 exd4 7.Bg5
Qd6 8.Nxd4 Be7 9.Nf3 Bxg5 10.Qxd6 cxd6 11.Nxg5 Ne7 12.Rd1 f6
13.Nf3 Kd7 14.Nbd2 Kc7 15.Nc4 d5 16.exd5 Nxd5 17.Re1 Bg4 18.Nd4
Rhe8 19.f3 Bd7 20.Kf2 c5 21.Nb3 b6 22.Rad1 Rxe1 23.Rxe1 Bf5 24.c3
Rd8 25.Ne3 Nxe3 26.Rxe3 Kc6 27.Re7 Rd1 28.Rxg7 Rb1 29.Rf7 Rxb2+
30.Ke3 Bg6 31.Rxf6+ Kc7 32.Nd2 Rc2 33.c4 Rxa2 34.g4 Ra3+ 35.Kf4
Rd3 36.Ne4 a5 37.Re6 a4 38.Nf6 a3 39.Nd5+ Rxd5 40.cxd5 a2 41.Re7+
Kb8 42.Re1 Bb1 43.Re8+ Kb7 44.Re7+ Kb8 45.Re8+ Kc7 46.Ra8 Kb7
47.Ra3 b5 48.d6 b4 49.d7 bxa3 50.d8Q a1Q 51.Qd7+ Kb6 52.Qd6+
Kb5 53.Qd7+ Ka5 54.Qc7+ Kb4 55.Qb6+ Ka4 56.Qa6+ Kb3 57.Qb7+ Kc2 0-1

[Event "SF Deizisau 2 - SV Jedesheim 1"]
[Site "Oberliga 2019/2020"]
[Date "2019.09.15"]
[Time "10:00:00"]
[Round "1"]
[White "Trussevich, Sergey"]
[Black "Köllner, Ruben Gideon"]
[WhiteElo "2314"]
[BlackElo "2243"]
[WhiteTeam "SV Jedesheim 1"]
[BlackTeam "SF Deizisau 2"]
[Board "3"]
[Result "0-1"]

1.Nf3 Nf6 2.e3 d6 3.c4 e5 4.d3 g6 5.Nbd2 Bg7 6.Qc2 Nc6 7.a3 a5
8.b3 O-O 9.Rb1 Qe7 10.Be2 Bf5 11.Ne4 Nd8 12.O-O c6 13.Bb2 Nd7
14.b4 axb4 15.axb4 d5 16.Ned2 f6 17.e4 Be6 18.Rfe1 d4 19.Ra1
Nf7 20.c5 b6 21.cxb6 Qxb4 22.Rxa8 Rxa8 23.Qxc6 Re8 24.Bc1 Qxb6
25.Qa4 Qb7 26.Nc4 Ra8 27.Qc2 Bf8 28.Bd2 Rc8 29.Rb1 Qc6 30.Qb3
Bxc4 31.Qxc4 Qxc4 32.dxc4 Nc5 33.Rb6 Nxe4 34.Bd3 Nxd2 35.Nxd2
f5 36.f3 Bc5 37.Rb7 Nd6 38.Rd7 Rb8 39.Rc7 Rb2 40.Rxc5 Rxd2 41.Bf1
e4 42.Rd5 Ne8 43.fxe4 fxe4 44.c5 d3 45.g4 Nf6 46.Rd8+ Kf7 47.g5
Rd1 48.c6 e3 49.c7 e2 50.Rf8+ Kxf8 51.c8Q+ Ne8 52.Qc5+ Kf7 53.Qd5+
Ke7 54.Qe5+ Kd7 55.Qb5+ Kd6 56.Qb8+ Nc7 57.Qf8+ Kc6 58.Qf6+ Kb7
59.Qb2+ Ka6 60.Qa3+ Kb6 61.Qb3+ Nb5 62.Qe6+ Kc5 63.Qe5+ Kc4 64.Qe6+
Kc3 65.Qe5+ Kc2 66.Qc5+ Nc3 67.Qf2 Rxf1+ 0-1

[Event "Heilbronner SV 1 - SK Bebenhausen 1"]
[Site "Oberliga 2019/2020"]
[Date "2019.09.15"]
[Time "10:00:00"]
[Round "1"]
[White "Carstens, Andreas"]
[Black "Schmidt, Tobias"]
[WhiteElo "2107"]
[BlackElo "2250"]
[WhiteTeam "SK Bebenhausen 1"]
[BlackTeam "Heilbronner SV 1"]
[Board "3"]
[Result "0-1"]

1.e4 e6 2.d4 d5 3.Nd2 c5 4.exd5 exd5 5.Ngf3 Nc6 6.Bb5 Qe7+ 7.Be2
Qc7 8.O-O Nf6 9.Re1 cxd4 10.Nb3 Bb4 11.Bd2 Bxd2 12.Qxd2 O-O 13.Nbxd4
Ne4 14.Qc1 Bg4 15.c3 Rfe8 16.Bd3 Rad8 17.Nxc6 bxc6 18.Bxe4 Rxe4
19.Nd2 Rxe1+ 20.Qxe1 c5 21.Nb3 Be6 22.Qe3 Rc8 23.Rd1 a5 24.h3
a4 25.Nc1 Qb6 26.b4 axb3 27.axb3 Qb7 28.Qe5 Qb8 29.Qxb8 Rxb8
30.Kf1 Kf8 31.Ke2 Ke7 32.Rd2 Kd6 33.Ke3 Re8 34.Kf3 Bd7 35.Ne2
Bc6 36.Kg3 Rb8 37.Rb2 Ra8 38.f3 Bb5 39.c4 dxc4 40.Nc3 Ba6 41.bxc4
Bxc4 42.Kf4 Kc6 43.g4 Rd8 44.h4 Rd3 45.Ne4 Bd5 46.Rb8 Bxe4 47.Kxe4
Rd7 48.f4 c4 49.h5 Kc5 50.g5 c3 51.Rc8+ Kb4 52.Rc6 Kb3 53.h6
gxh6 54.Rxh6 c2 55.Rc6 Kb2 56.Kf5 c1Q 57.Rxc1 Kxc1 58.Kf6 Kd2
59.Kg7 Ke3 60.f5 Kf4 0-1

[Event "Heilbronner SV 1 - SK Bebenhausen 1"]
[Site "Oberliga 2019/2020"]
[Date "2019.09.15"]
[Time "10:00:00"]
[Round "1"]
[White "Dudek, Richard"]
[Black "Roth, Jürgen Eugen"]
[WhiteElo "2173"]
[BlackElo "2115"]
[WhiteTeam "Heilbronner SV 1"]
[BlackTeam "SK Bebenhausen 1"]
[Board "6"]
[Result "1-0"]

1.e4 g6 2.d4 Bg7 3.c3 c6 4.f4 d5 5.e5 Nh6 6.Nf3 Bg4 7.h3 Bxf3
8.Qxf3 O-O 9.Bd3 f6 10.exf6 exf6 11.f5 Re8+ 12.Kf2 Nxf5 13.Bxf5
gxf5 14.Bf4 Nd7 15.Nd2 Ne5 16.Qg3 Ng6 17.Rhe1 Qd7 18.h4 Rxe1
19.Rxe1 Re8 20.Rxe8+ Qxe8 21.Be3 Nf8 22.Qf3 Ng6 23.Qh3
( 23.h5 Ne7 24.Nf1 Qd7 25.Ng3 Bf8 26.h6 Qe6 27.Qf4 Nc8 28.Nxf5
Nd6 29.Ng3 Ne4+ 30.Kg1 Bxh6 31.Qb8+ Kg7 32.Qxb7+ Kg6 33.Bxh6
Kxh6 34.Qe7 Qg4 35.Nxe4 dxe4 36.Qxf6+ Kh5 37.Kf2 a5 38.Qe5+ Kg6
39.a4 Qd1 ) Ne7 24.Nf1 Qd7 25.Ng3 Bf8 1-0

[Event "SV Nürtingen 1 - SC Weiler im Allgäu 1"]
[Site "Oberliga 2019/2020"]
[Date "2019.09.15"]
[Time "10:00:00"]
[Round "1"]
[White "Henrichs, Thomas"]
[Black "Weigand, Bernhard"]
[WhiteElo "2390"]
[BlackElo "2195"]
[WhiteTeam "SC Weiler im Allgäu 1"]
[BlackTeam "SV Nürtingen 1"]
[Board "1"]
[Result "1-0"]

1.Nf3 d5 2.e3 Nf6 3.c4 e6 4.Nc3 Be7 5.b3 O-O 6.Bb2 c5 7.cxd5
exd5 8.d4 Nc6 9.Be2 Be6 10.O-O Ne4 11.dxc5 Bxc5 12.Rc1 Qa5 13.Na4
Be7 14.a3 Rac8 15.b4 Qd8 16.Nd4 Nxd4 17.Bxd4 Rxc1 18.Qxc1 b6
19.Nc3 Qd7 20.Qb2 Nxc3 21.Bxc3 f6 22.Bd4 Rc8 23.Bd1 Qc6 24.h3
Bf5 25.Bb3 Bd3 26.Rd1 Bc4 27.Bc2 g6 28.h4 Qe6 29.Rd2 Kf7 30.Qb1
Qg4 31.g3 Bd6 32.Bd1 Qh3 33.Bf3 Qe6 34.Qd1 Rd8 35.Kg2 Be7 36.Bb2
Rd6 {(=)} 37.Rd4 Qd7 38.Qb1 f5 39.Rf4 Bf6 40.Bxf6 Rxf6 41.Qb2
Qd6 42.Rd4 Qe5 43.Qd2 Rd6 44.g4 fxg4 45.Bxg4 Ke7 46.Qd1 a6 47.Bf3
Qe6 48.Qh1 ( 48.Rd2 ) Kd8 49.Qh2 Kc7 50.Qf4 Qf6 51.Qxf6 Rxf6
52.Bxd5 Bxd5+ 53.Rxd5 Kc6 54.Re5 Kd6 55.Rg5 h6 56.Rg4 Ke5 57.Rd4
Rc6 58.f4+ Kf5 59.Kf3 b5 60.Rd3 Kf6 61.e4 h5 62.Ke3 Ke6 63.e5
Kf5 64.Rd6 Rc3+ 65.Kd4 Rc4+ 66.Kd5 Kxf4 67.Rxg6 Rc3 68.Rxa6 Rd3+
69.Kc5 Kxe5 70.Kxb5 Rh3 71.a4 Rxh4 72.Rh6 1-0

[Event "SC Böblingen 1 - TSV Schönaich 2"]
[Site "Oberliga 2019/2020"]
[Date "2019.09.15"]
[Time "10:00:00"]
[Round "1"]
[White "Buschle, Lukas"]
[Black "Müller, Ralf"]
[WhiteElo "2114"]
[BlackElo "2316"]
[WhiteTeam "TSV Schönaich 2"]
[BlackTeam "SC Böblingen 1"]
[Board "5"]
[Result "0-1"]

1.d4 d5 2.c4 e6 3.Nc3 Nf6 4.Nf3 Be7 5.Bf4 O-O 6.e3 b6 7.cxd5
Nxd5 8.Nxd5 Qxd5 9.Bd3 Qa5+ 10.Nd2 Ba6 11.Bxa6 Nxa6 12.O-O c5
13.dxc5 Rfd8 14.b4 Qxb4 15.Qe2 Nxc5 16.Nf3 Bf6 17.Rab1 Qa4 18.Ne5
Rd5 19.Ng4 Be7 20.Rfd1 Rad8 21.Bg3 ( 21.Rxd5 Rxd5 22.f3 Nd3 23.Bg3
h5 24.e4 Rd7 25.Ne3 Nb4 26.Qc4 Bc5 27.Bf2 Bxe3 28.Bxe3 Rd1+ 29.Rxd1
Qxd1+ 30.Qf1 Qxf1+ 31.Kxf1 Nxa2 32.Bd2 a5 33.Ke2 Nb4 34.Bxb4
axb4 35.Kd3 Kf8 36.Kc4 Ke7 37.Kxb4 Kd6 38.Kb5 Kc7 39.g4 hxg4
40.fxg4 g5 ) h5 22.e4 0-1